000 01930cam a2200385 i 4500
001 768714001
003 CO-MdFUSB
005 20220625062549.0
007 ta
008 120419s2012 inuab b 001 0 eng
020 _a9781575061795
040 _aDLC
_beng
_cCO-MdFUSB
_dYDX
_dYDXCP
_dLMR
_dGGB
_dOCLCO
_erda
041 1 _aeng
_hheb
082 _223
_a933.03
_bF267
100 1 _aFaust, Avi.
_eautor
240 1 0 _aḤevrah ha-Yiśreʼelit bi-teḳufat ha-melukhah.
245 1 4 _aThe archaeology of Israelite society in Iron Age II /
_cAvraham Faust ; traducido por Ruth Ludlum.
264 1 _aWinona Lake, Ind. :
_bEisenbrauns,
_c[2012]
264 4 _c© 2012
300 _a328 páginas. :
_bilustraciones., mapas ;
_c26 cm.
336 _2rdacontent
_atexto
_btxt
337 _2rdamedia
_asin mediación
_bn
338 _2rdacarrier
_avolumen
_bnc
504 _aIncluye referencias bibliográficas e índices.
505 _aInvestigación histórica sobre la sociedad israelita: Resumen de investigaciones anteriores. -- Investigación arqueológica sobre la sociedad israelita. -- Entre Monarquía y Parentesco: Sociedad Urbana. -- Comunidad y Familia: Sociedad Rural. -- Estructuras fortificadas en el campo: entre militares y administración. -- Organización Política en los Reinos de Israel y Judá. -- La casa de cuatro habitaciones y la sociedad israelita. -- Ollas y Pueblos: Grupos Étnicos en el Reino de Israel. -- De Hamlets a la Monarquía: Sociedad israelita desde el Período de Asentamiento hasta el Final del Período de la Monarquía.
563 _aPasta dura
630 7 _aBiblia.
_pAntiguo Testamento
_xHistoria y crítica
650 7 _aJudaísmo
_xCostumbres y prácticas
_2
_96882
651 7 _aPalestina
_xHistoria
653 _aExcavaciones -- Arqueología -- Palestina.
700 _96328
_aLudlum, Ruth.,
_etraductor
942 _cBK
945 _aJTF-925
999 _c67378
_d67378